000
00217nam a2200097Ia 4500
005
20251222114414.0
008
251222s1900||||xx |||||||||||||| ||spa||
082
_a
DVD0070/W92/2009
245
4
_a
The Soloist:
942
_c
DVD
999
_c
2151
_d
2151